Statistiques concernant Les livres des Sœurs Brontë

Cliquez ici pour prendre le quiz!

Statistiques générales

  • Ce quiz a été pris 15 fois
  • Le résultat moyen est 4 sur 13

Statistiques - réponses

HintRéponse% Correct
Charlotte (1847)Jane Eyre
93%
Emily (1847)Les Hauts de Hurlevents
79%
Charlotte (posth. 1857)Le professeur
36%
Charlotte (1853)Villette
29%
Anne (1847)Agnes Grey
21%
Anne, Charlotte, Emily (1846)Poèmes
21%
Charlotte (1849)Shirley
21%
Charlotte (inachevé) (posth. 1860)Emma
14%
Anne & Emily (Juvéniles)Gondal
14%
Anne (1848)La dame du manoir de Wildfell Hall
14%
Charlotte, Branwell (Juvéniles)Angria
7%
Charlotte, Branwell, Anne, Emily
(Juvéniles)
Glass Town
7%
Charlotte (nouvelle) (1833)Le nain vert
7%

Distribution des résultats

Percentile par nombre de réponses

% des personnes avec chaque résultat

Votre développement - résultats

Vous n’avez pas pris ce quiz